| 000 | 01184nam2a2200205 4500 | ||
|---|---|---|---|
| 001 | RU\NLR\PER_A\003031563_001080 | ||
| 005 | 20250624123052.0 | ||
| 035 | _a(NLR Aleph) 012703287 | ||
| 090 |
_a12885613 _c12885613 |
||
| 100 | _a20220208d2021 |||y0rusy50 ca | ||
| 101 | 0 | _arus | |
| 102 | _aRU | ||
| 200 | 0 | _a2021, № 5 | |
| 210 |
_d2021 _aБ. м. |
||
| 461 | 0 |
_1001RU\NLR\Per\786580 _12001#$aФорум плюс$eинформационное издание Межгосударственного фонда по гуманитарному сотрудничеству СНГ и Совета по гуманитарному сотрудничеству государств-участников СНГ$v2021, № 5 _91963534 _cМосква _d2007 - _nКультиздат _oинформационное издание Межгосударственного фонда по гуманитарному сотрудничеству СНГ и Совета по гуманитарному сотрудничеству государств-участников СНГ _tФорум плюс _v2021, № 5 |
|
| 852 |
_aNLR _jП23/8217 |
||
| 942 | _cISSUE | ||
| 980 | _aNB | ||
| 980 | _aRUSPER | ||